[Event "SRB-chT3 East CS"]
[Site "Serbia"]
[Date "2012.09.28"]
[Round "1.31"]
[White "Petrovic, Ljubisa"]
[Black "Djoric, Dusan"]
[Result "1/2-1/2"]
[WhiteElo "2051"]
[BlackElo "2290"]
[PlyCount "27"]
[EventDate "2012.09.28"]
[EventType "team"]
[EventRounds "10"]
[EventCountry "SRB"]
[SourceTitle "EXT 2015"]
[Source "ChessBase"]
[SourceDate "2014.11.20"]
[SourceVersion "1"]
[SourceVersionDate "2014.11.20"]
[SourceQuality "1"]

1. e4 c5 2. c3 Nf6 3. d3 Nc6 4. f4 d6 5. Nf3 e5 6. c4 exf4 7. Bxf4 Bg4 8. Be2 Bxf3 9. Bxf3 Be7 10. Nc3 0-0 11. 0-0 Ne5 12. Rb1 b6 13. Bxe5 dxe5 14. Nd5 1/2-1/2

[Event "Regionalliga NO 0910"]
[Site "Bayern"]
[Date "2009.12.13"]
[Round "4.5"]
[White "Schmid, Roland1111"]
[Black "Petrovic, Ljubisa"]
[Result "1-0"]
[WhiteElo "2202"]
[BlackElo "1996"]
[PlyCount "49"]
[EventDate "2009.10.18"]
[EventType "team-tourn"]
[EventRounds "9"]
[EventCountry "GER"]
[SourceTitle "EXT 2011"]
[Source "ChessBase"]
[SourceDate "2010.11.26"]
[SourceVersion "1"]
[SourceVersionDate "2010.11.26"]
[SourceQuality "1"]
[WhiteTeam "Neutraubling"]
[BlackTeam "Amberg Siemens"]
[WhiteTeamCountry "GER"]
[BlackTeamCountry "GER"]

1. e4 e5 2. Nf3 Nf6 3. Nxe5 d6 4. Nf3 Nxe4 5. d4 d5 6. Bd3 Bd6 7. c4 Bb4+ 8. Nbd2 0-0 9. 0-0 Re8 10. cxd5 Nf6 11. Qb3 Bf8 12. Bc4 Qd6 13. Ne5 Nbd7 14. Nxd7 Bxd7 15. a4 a6 16. a5 Rab8 17. Nf3 Bf5 18. g3 Qb4 19. Qa2 Ne4 20. b3 Nc3 21. Qd2 Be4 22. Ba3 Nb1 23. Qxb4 Bxb4 24. Bxb4 Bxf3 25. Raxb1 1-0